<?xml version="1.0" encoding="UTF-8"?>
<collection xmlns="http://www.loc.gov/MARC21/slim">
 <record>
  <leader>01855nam a2200289 a 4500</leader>
  <controlfield tag="001">1/46803</controlfield>
  <controlfield tag="008">161123s1987    gr       b    00110 gre  </controlfield>
  <datafield tag="035" ind1=" " ind2=" ">
   <subfield code="l">49782</subfield>
  </datafield>
  <datafield tag="040" ind1=" " ind2=" ">
   <subfield code="a">GR-PeUP</subfield>
  </datafield>
  <datafield tag="082" ind1="0" ind2="0">
   <subfield code="a">938.496 ΛΙΑ</subfield>
  </datafield>
  <datafield tag="100" ind1="1" ind2=" ">
   <subfield code="a">Λιάτα, Ευτυχία Δ.,</subfield>
   <subfield code="d">1951-</subfield>
  </datafield>
  <datafield tag="245" ind1="1" ind2="2">
   <subfield code="a">Η Σέριφος κατά την Τουρκοκρατία (17ος - 19ος αι.) :</subfield>
   <subfield code="b">συμβολή στη μελέτη των κοινωνικών και οικονομικών δομών και του κοινοτικού συστήματος /</subfield>
   <subfield code="c">Ευτυχία Δ. Λιάτα.</subfield>
  </datafield>
  <datafield tag="260" ind1="0" ind2=" ">
   <subfield code="a">Αθήνα :</subfield>
   <subfield code="b">Ίδρυμα Έρευνας και Παιδείας της Εμπορικής Τράπεζας της Ελλάδος,</subfield>
   <subfield code="c">1987.</subfield>
  </datafield>
  <datafield tag="300" ind1=" " ind2=" ">
   <subfield code="a">232 σ. ;</subfield>
   <subfield code="c">εκ.</subfield>
  </datafield>
  <datafield tag="490" ind1="1" ind2=" ">
   <subfield code="a">Μελέτες Νεοελληνικής Ιστορίας ;</subfield>
  </datafield>
  <datafield tag="504" ind1=" " ind2=" ">
   <subfield code="a">Περιέχει βιβλιογραφία και ευρετήριο.</subfield>
  </datafield>
  <datafield tag="651" ind1=" " ind2="4">
   <subfield code="a">Σέριφος (Κυκλάδες)</subfield>
   <subfield code="x">Ιστορία.</subfield>
  </datafield>
  <datafield tag="651" ind1=" " ind2="4">
   <subfield code="a">Σέριφος</subfield>
   <subfield code="x">Ιστορία</subfield>
   <subfield code="y">17ος-19ος αι.</subfield>
  </datafield>
  <datafield tag="651" ind1=" " ind2="4">
   <subfield code="a">Σέριφος</subfield>
   <subfield code="x">Κοινωνικές συνθήκες</subfield>
   <subfield code="y">17ος-19ος αι.</subfield>
  </datafield>
  <datafield tag="651" ind1=" " ind2="4">
   <subfield code="a">Σέριφος</subfield>
   <subfield code="x">Οικονομικές συνθήκες</subfield>
   <subfield code="y">17ος-19ος αι.</subfield>
  </datafield>
  <datafield tag="651" ind1=" " ind2="0">
   <subfield code="a">Serifos island (Greece)</subfield>
   <subfield code="x">Economic conditions</subfield>
   <subfield code="y">17th-19th century.</subfield>
  </datafield>
  <datafield tag="651" ind1=" " ind2="0">
   <subfield code="a">Serifos island (Greece)</subfield>
   <subfield code="x">Social conditions</subfield>
   <subfield code="y">17th-19th century.</subfield>
  </datafield>
  <datafield tag="651" ind1=" " ind2="4">
   <subfield code="a">Σέριφος νησί (Ελλάδα)</subfield>
   <subfield code="x">Ιστορία</subfield>
   <subfield code="x">Τουρκοκρατία.</subfield>
  </datafield>
  <datafield tag="651" ind1=" " ind2="4">
   <subfield code="a">Κυκλάδες (Ελλάδα)</subfield>
   <subfield code="x">Ιστορία</subfield>
   <subfield code="x">Τουρκοκρατία.</subfield>
  </datafield>
  <datafield tag="651" ind1=" " ind2="0">
   <subfield code="a">Cyclades (Greece)</subfield>
   <subfield code="x">History.</subfield>
  </datafield>
  <datafield tag="830" ind1=" " ind2=" ">
   <subfield code="a">Μελέτες Νεοελληνικής Ιστορίας.</subfield>
  </datafield>
  <datafield tag="852" ind1=" " ind2=" ">
   <subfield code="a">INST</subfield>
   <subfield code="b">UNIPILB</subfield>
   <subfield code="c">MAIN</subfield>
   <subfield code="e">20161123</subfield>
   <subfield code="h">938.496 ΛΙΑ</subfield>
   <subfield code="p">00172394</subfield>
   <subfield code="q">00172394</subfield>
   <subfield code="t">LOAN</subfield>
   <subfield code="y">0</subfield>
   <subfield code="4">1</subfield>
  </datafield>
 </record>
</collection>
